000 00610nam a2200229Ia 4500
003 OSt
005 20230518100726.0
008 210423s2011 xx 000 0 und d
020 _a978-0-393-11824-7
040 _cAL
041 _aeng
082 _a576 SLOM
_223
100 _aSLONCZEWSKI (Joan L);others
_9107701
245 _aMicrobiology: an evolving science Ed 2
250 _a2
260 _aNew York
_bW W Norton & Co.
_c2011
300 _axxxiv,1097
_bPB
365 _b3690
_cUSD
650 _aMicrobiology
_9107702
906 _aan ; Ed ; evolving ; Microbiology: ; science
942 _2ddc
_cBK
999 _c165016
_d165016